Jeux Mario où Bowser est un héros - Statistiques

Statistiques générales
  • Ce quiz a été pris 12 fois
  • Le résultat moyen est 3 sur 6
Statistiques - réponses
Date et Console Jeu % Correct
2009 / 2019 - DS et 3DS Mario et Luigi : Voyage au centre de Bowser
91%
2003 / 2017 - GBA et 3DS Mario et Luigi : Superstar Saga
55%
2020 - Switch Paper Mario : The Origami King
55%
1996 / 2023 - SNES et Switch Super Mario RPG : Legend of the Seven Stars
55%
2007 - Wii Super Paper Mario
45%
2022 - Switch Mario + The Lapins Crétins : Sparks of Hope
9%
Aucun quiz correspondant
Distribution des résultats
% des personnes avec chaque résultat
Percentile par nombre de réponses
Votre historique - résultats
Vous n’avez pas pris ce quiz